Spoločné úsilie riešiť migráciu má trhliny
Návrh Európskej komisie zaviesť kvóty pre utečencov. Plán, ktorý by mal členským krajinám únie pomôcť spoločne vyriešiť problém ilegálnej migrácie. Dočasné opatrenie - redistribúcia utečencov z postihnutej krajiny. Určenie výšky kvóty utečencov. Odmietavé stanovisko časti štátov EÚ.
Enregistré dans:
| Auteur principal: | |
|---|---|
| Format: | Chapitre de livre |
| Langue: | slovaque |
| Sujets: | |
| Tags: |
Pas de tags, Soyez le premier à ajouter un tag!
|
MARC
| LEADER | 00000naa a2200000 4500 | ||
|---|---|---|---|
| 001 | 0200954 | ||
| 005 | 20231113103022.6 | ||
| 041 | 0 | |a slo | |
| 044 | |a SK | ||
| 245 | 1 | 0 | |a Spoločné úsilie riešiť migráciu má trhliny |c Jakub Dospiva |
| 520 | |a Návrh Európskej komisie zaviesť kvóty pre utečencov. Plán, ktorý by mal členským krajinám únie pomôcť spoločne vyriešiť problém ilegálnej migrácie. Dočasné opatrenie - redistribúcia utečencov z postihnutej krajiny. Určenie výšky kvóty utečencov. Odmietavé stanovisko časti štátov EÚ. | ||
| 610 | 2 | 0 | |a Európska únia |
| 610 | 2 | 0 | |a migrácia nelegálna |
| 610 | 2 | 0 | |a kvóty |
| 610 | 2 | 0 | |a utečenci |
| 100 | 1 | |a Dospiva, Jakub | |